<?xml version="1.0" encoding="UTF-8"?>
<marc:record xmlns:marc="http://www.loc.gov/MARC21/slim">
   <marc:leader>00000nam a2200000 a 4500</marc:leader>
   <marc:datafield ind1="0" ind2="0" tag="245">
      <marc:subfield code="a">Sing mal erste Kinderlieder</marc:subfield>
   </marc:datafield>
   <marc:datafield ind1="0" ind2="0" tag="245">
      <marc:subfield code="b">mit 6 Melodien zum Mitsingen</marc:subfield>
   </marc:datafield>
   <marc:datafield ind1=" " ind2="1" tag="264">
      <marc:subfield code="a">Hamburg</marc:subfield>
      <marc:subfield code="b">Carlsen</marc:subfield>
   </marc:datafield>
   <marc:datafield ind1=" " ind2=" " tag="250">
      <marc:subfield code="a">1. Aufl.</marc:subfield>
   </marc:datafield>
   <marc:datafield ind1="1" ind2=" " tag="520">
      <marc:subfield code="a">Angaben aus der Verlagsmeldung

Sing mal - Erste Kinderlieder

"Ich kenne die Melodie doch gar nicht!" Diese Ausrede kann nun niemand mehr aus der Tasche ziehen, denn diese kleinen Liederbücher bringen die Begleitmusik gleich mit. Die beliebtesten Kinder- bzw. Weihnachtslieder wurden hier wunderbar kindgerecht instrumentalisiert und laden zum Mitsingen ein. Dazu ist jedes Buch liebevoll illustriert und mit Notensatz ausgestattet. Einfach Knopf drücken - einfach mitsingen - einfach schön!

Inhalt:
Alle meine Entchen; Fuchs du hast die Gans gestohlen; Summ, summm, summ ..; Backe, backe Kuchen; Bruder Jakob; Häschen in der Grube
</marc:subfield>
   </marc:datafield>
   <marc:datafield ind1=" " ind2=" " tag="020">
      <marc:subfield code="a">9783551251435</marc:subfield>
      <marc:subfield code="9">9783551251435</marc:subfield>
   </marc:datafield>
   <marc:datafield ind1=" " ind2=" " tag="020">
      <marc:subfield code="a">3551251436</marc:subfield>
      <marc:subfield code="9">3551251436</marc:subfield>
   </marc:datafield>
   <marc:datafield ind1=" " ind2=" " tag="041">
      <marc:subfield code="a">ger</marc:subfield>
   </marc:datafield>
   <marc:datafield ind1=" " ind2=" " tag="300">
      <marc:subfield code="a">1 Partitur (15 ungezählte Seiten)</marc:subfield>
   </marc:datafield>
</marc:record>
